KOHA-Header-6

public Finance a Contemporay (Record no. 2096)

000 -LEADER
fixed length control field 00310nam a2200121Ia 4500
008 - FIXED-LENGTH DATA ELEMENTS--GENERAL INFORMATION
fixed length control field 190802s9999 xx 000 0 und d
020 ## - INTERNATIONAL STANDARD BOOK NUMBER
International Standard Book Number 978-81-315-2942-3
100 ## - MAIN ENTRY--PERSONAL NAME
Personal name David N.Hyman
245 #0 - TITLE STATEMENT
Title public Finance a Contemporay
260 ## - PUBLICATION, DISTRIBUTION, ETC. (IMPRINT)
Place of publication, distribution, etc New Delhi
Name of publisher, distributor, etc Cengage Learning
Date of publication, distribution, etc 2014
300 ## - PHYSICAL DESCRIPTION
Extent 698:p
942 ## - ADDED ENTRY ELEMENTS (KOHA)
Koha item type Books
Holdings
Withdrawn status Lost status Damaged status Not for loan Collection code Permanent Location Current Location Shelving location Date acquired Full call number Barcode Date last seen Price effective from Koha item type
        Finance MAJU MAJU Shelf No.A44 2019-08-03 342 8719 2019-08-03 2019-08-03 Finance

Powered by Koha